| 000 | 00506cam a2200193ua 4500 | ||
|---|---|---|---|
| 020 | _cRs 1.50 | ||
| 041 |
_amal _h |
||
| 082 |
_a894.812 2 _bNAR/SA |
||
| 100 | _aNarayana Menon, Vallathol . | ||
| 245 |
_aSahityamanjari, Vol 2 / _cVallthol Narayana Menon. _hTextual Documents |
||
| 260 |
_aCheruthuruthi : _bVallathol Granthalayam , _c1965. |
||
| 300 | _a105 ; . | ||
| 362 | 0 | _aVol 2- | |
| 365 | _aRs 1.50 | ||
| 504 | _a | ||
| 650 | _aDrama - Malayalam | ||
| 942 | _cBK | ||
| 999 |
_c575 _d575 |
||